모든 포켓몬스터 (#0001~#1025) - Statistics

General Stats
  • This quiz has been taken 13 times
  • The average score is 424 of 1025
Answer Stats
No. Type Pokémon % Correct
#0001 이상해씨
100%
#0002 이상해풀
100%
#0003 이상해꽃
100%
#0004 불꽃 파이리
100%
#0005 불꽃 리자드
100%
#0006 불꽃 비행 리자몽
100%
#0007 꼬부기
100%
#0008 어니부기
100%
#0009 거북왕
100%
#0010 벌레 캐터피
100%
#0011 벌레 단데기
100%
#0012 벌레 비행 버터플
100%
#0013 벌레 뿔충이
100%
#0014 벌레 딱충이
100%
#0015 벌레 독침붕
100%
#0016 노말 비행 구구
100%
#0017 노말 비행 피죤
100%
#0018 노말 비행 피죤투
100%
#0019 노말 꼬렛
100%
#0020 노말 레트라
100%
#0021 노말 비행 깨비참
100%
#0022 노말 비행 깨비드릴조
100%
#0023 아보
100%
#0024 아보크
100%
#0025 전기 피카츄
100%
#0026 전기 라이츄
100%
#0027 모래두지
100%
#0028 고지
100%
#0029 | #0032 니드런
100%
#0030 니드리나
100%
#0031 니드퀸
100%
#0033 니드리노
100%
#0034 니드킹
100%
#0035 페어리 삐삐
100%
#0036 페어리 픽시
100%
#0037 불꽃 식스테일
100%
#0038 불꽃 나인테일
100%
#0039 노말 페어리 푸린
100%
#0040 노말 페어리 푸크린
100%
#0041 비행 주뱃
100%
#0042 비행 골뱃
100%
#0043 뚜벅쵸
100%
#0044 냄새꼬
100%
#0045 라플레시아
100%
#0046 벌레 파라스
100%
#0047 벌레 파라섹트
100%
#0048 벌레 콘팡
100%
#0049 벌레 도나리
100%
#0050 디그다
100%
#0051 닥트리오
100%
#0052 노말 나옹
100%
#0053 노말 페르시온
100%
#0054 고라파덕
100%
#0055 골덕
100%
#0056 격투 망키
100%
#0057 격투 성원숭
100%
#0058 불꽃 가디
100%
#0059 불꽃 윈디
100%
#0060 발챙이
100%
#0061 슈륙챙이
100%
#0062 격투 강챙이
100%
#0063 에스퍼 캐이시
100%
#0064 에스퍼 윤겔라
100%
#0065 에스퍼 후딘
100%
#0066 격투 알통몬
100%
#0067 격투 근육몬
100%
#0068 격투 괴력몬
100%
#0069 모다피
100%
#0070 우츠동
100%
#0071 우츠보트
100%
#0072 왕눈해
100%
#0073 독파리
100%
#0074 바위 꼬마돌
100%
#0075 바위 데구리
100%
#0076 바위 딱구리
100%
#0077 불꽃 포니타
100%
#0078 불꽃 날쌩마
100%
#0079 에스퍼 야돈
100%
#0080 에스퍼 야도란
100%
#0081 전기 강철 코일
100%
#0082 전기 강철 레어코일
100%
#0083 노말 비행 파오리
100%
#0086 쥬쥬
100%
#0087 얼음 쥬레곤
100%
#0090 셀러
100%
#0091 얼음 파르셀
100%
#0092 고스트 고오스
100%
#0093 고스트 고우스트
100%
#0094 고스트 팬텀
100%
#0095 바위 롱스톤
100%
#0096 에스퍼 슬리프
100%
#0097 에스퍼 슬리퍼
100%
#0102 에스퍼 아라리
100%
#0103 에스퍼 나시
100%
#0106 격투 시라소몬
100%
#0107 격투 홍수몬
100%
#0111 바위 뿔카노
100%
#0112 바위 코뿌리
100%
#0115 노말 캥카
100%
#0116 쏘드라
100%
#0117 시드라
100%
#0120 별가사리
100%
#0121 에스퍼 아쿠스타
100%
#0123 벌레 비행 스라크
100%
#0124 얼음 에스퍼 루주라
100%
#0125 전기 에레브
100%
#0126 불꽃 마그마
100%
#0127 벌레 쁘사이저
100%
#0129 잉어킹
100%
#0130 비행 갸라도스
100%
#0131 얼음 라프라스
100%
#0133 노말 이브이
100%
#0134 샤미드
100%
#0135 전기 쥬피썬더
100%
#0136 불꽃 부스터
100%
#0138 바위 암나이트
100%
#0139 바위 암스타
100%
#0140 바위 투구
100%
#0141 바위 투구푸스
100%
#0142 바위 비행 프테라
100%
#0143 노말 잠만보
100%
#0144 얼음 비행 프리져
100%
#0145 전기 비행 썬더
100%
#0146 불꽃 비행 파이어
100%
#0147 드래곤 미뇽
100%
#0148 드래곤 신뇽
100%
#0149 드래곤 비행 망나뇽
100%
#0150 에스퍼 뮤츠
100%
#0151 에스퍼
100%
#0169 비행 크로뱃
100%
#0173 페어리
100%
#0199 에스퍼 야도킹
100%
#0212 벌레 강철 핫삼
100%
#0236 격투 배루키
100%
#0237 격투 카포에라
100%
#0464 바위 거대코뿌리
100%
#0466 전기 에레키블
100%
#0979 격투 고스트 저승갓숭
100%
#0084 노말 비행 두두
75%
#0085 노말 비행 두트리오
75%
#0088 질퍽이
75%
#0089 질뻐기
75%
#0100 전기 찌리리공
75%
#0101 전기 붐볼
75%
#0104 탕구리
75%
#0105 텅구리
75%
#0109 또가스
75%
#0110 또도가스
75%
#0114 덩쿠리
75%
#0118 콘치
75%
#0119 왕콘치
75%
#0122 에스퍼 페어리 마임맨
75%
#0128 노말 켄타로스
75%
#0132 노말 메타몽
75%
#0137 노말 폴리곤
75%
#0152 치코리타
75%
#0153 베이리프
75%
#0154 메가니움
75%
#0155 불꽃 브케인
75%
#0156 불꽃 마그케인
75%
#0157 불꽃 블레이범
75%
#0158 리아코
75%
#0159 엘리게이
75%
#0160 장크로다일
75%
#0161 노말 꼬리선
75%
#0162 노말 다꼬리
75%
#0170 전기 초라기
75%
#0171 전기 랜턴
75%
#0172 전기 피츄
75%
#0175 페어리 토게피
75%
#0176 페어리 비행 토게틱
75%
#0179 전기 메리프
75%
#0180 전기 보송송
75%
#0181 전기 전룡
75%
#0183 페어리 마릴
75%
#0184 페어리 마릴리
75%
#0194 우파
75%
#0195 누오
75%
#0196 에스퍼 에브이
75%
#0197 블래키
75%
#0198 비행 니로우
75%
#0200 고스트 무우마
75%
#0214 벌레 격투 헤라크로스
75%
#0228 불꽃 델빌
75%
#0229 불꽃 헬가
75%
#0240 불꽃 마그비
75%
#0243 전기 라이코
75%
#0244 불꽃 앤테이
75%
#0245 스이쿤
75%
#0249 에스퍼 비행 루기아
75%
#0250 불꽃 비행 칠색조
75%
#0282 에스퍼 페어리 가디안
75%
#0349 빈티나
75%
#0350 밀로틱
75%
#0351 노말 캐스퐁
75%
#0371 드래곤 아공이
75%
#0372 드래곤 쉘곤
75%
#0373 드래곤 비행 보만다
75%
#0377 바위 레지락
75%
#0378 얼음 레지아이스
75%
#0379 강철 레지스틸
75%
#0380 드래곤 에스퍼 라티아스
75%
#0381 드래곤 에스퍼 라티오스
75%
#0382 가이오가
75%
#0383 그란돈
75%
#0384 드래곤 비행 레쿠쟈
75%
#0385 강철 에스퍼 지라치
75%
#0390 불꽃 불꽃숭이
75%
#0391 불꽃 격투 파이숭이
75%
#0401 벌레 귀뚤뚜기
75%
#0429 고스트 무우마직
75%
#0430 비행 돈크로우
75%
#0443 드래곤 딥상어동
75%
#0444 드래곤 한바이트
75%
#0445 드래곤 한카리아스
75%
#0446 노말 먹고자
75%
#0447 격투 리오르
75%
#0448 격투 강철 루카리오
75%
#0462 전기 강철 자포코일
75%
#0465 덩쿠림보
75%
#0467 불꽃 마그마번
75%
#0468 페어리 비행 토게키스
75%
#0470 리피아
75%
#0471 얼음 글레이시아
75%
#0483 강철 드래곤 디아루가
75%
#0484 드래곤 펄기아
75%
#0486 노말 레지기가스
75%
#0487 고스트 드래곤 기라티나
75%
#0491 다크라이
75%
#0492 쉐이미
75%
#0493 노말 아르세우스
75%
#0494 에스퍼 불꽃 비크티니
75%
#0495 주리비얀
75%
#0496 샤비
75%
#0497 샤로다
75%
#0498 불꽃 뚜꾸리
75%
#0499 불꽃 격투 차오꿀
75%
#0500 불꽃 격투 염무왕
75%
#0501 수댕이
75%
#0502 쌍검자비
75%
#0503 대검귀
75%
#0506 노말 요테리
75%
#0507 노말 하데리어
75%
#0508 노말 바랜드
75%
#0512 야나키
75%
#0513 불꽃 바오프
75%
#0515 앗차프
75%
#0529 두더류
75%
#0530 강철 몰드류
75%
#0607 고스트 불꽃 불켜미
75%
#0609 고스트 불꽃 샹델라
75%
#0643 드래곤 불꽃 레시라무
75%
#0646 드래곤 얼음 큐레무
75%
#0653 불꽃 푸호꼬
75%
#0656 개구마르
75%
#0658 개굴닌자
75%
#0700 페어리 님피아
75%
#0805 바위 강철 차곡차곡
75%
#0808 강철 멜탄
75%
#0809 강철 멜메탈
75%
#0890 드래곤 무한다이노
75%
#0960 바다그다
75%
#0233 노말 폴리곤2
75%
#0474 노말 폴리곤Z
75%
#0098 크랩
50%
#0099 킹크랩
50%
#0108 노말 내루미
50%
#0113 노말 럭키
50%
#0163 노말 비행 부우부
50%
#0164 노말 비행 야부엉
50%
#0167 벌레 페이검
50%
#0168 벌레 아리아도스
50%
#0174 노말 페어리 푸푸린
50%
#0177 에스퍼 비행 네이티
50%
#0178 에스퍼 비행 네이티오
50%
#0182 아르코
50%
#0201 에스퍼 안농
50%
#0202 에스퍼 마자용
50%
#0203 노말 에스퍼 키링키
50%
#0208 강철 강철톤
50%
#0213 벌레 바위 단단지
50%
#0218 불꽃 마그마그
50%
#0225 얼음 비행 딜리버드
50%
#0227 강철 비행 무장조
50%
#0230 드래곤 킹드라
50%
#0235 노말 루브도
50%
#0238 얼음 에스퍼 뽀뽀라
50%
#0239 전기 에레키드
50%
#0246 바위 애버라스
50%
#0247 바위 데기라스
50%
#0248 바위 마기라스
50%
#0251 에스퍼 세레비
50%
#0252 나무지기
50%
#0253 나무돌이
50%
#0254 나무킹
50%
#0255 불꽃 아차모
50%
#0256 불꽃 격투 영치코
50%
#0257 불꽃 격투 번치코
50%
#0258 물짱이
50%
#0259 늪짱이
50%
#0260 대짱이
50%
#0261 포챠나
50%
#0262 그라에나
50%
#0263 노말 지그제구리
50%
#0264 노말 직구리
50%
#0266 벌레 실쿤
50%
#0268 벌레 카스쿤
50%
#0269 벌레 독케일
50%
#0280 에스퍼 페어리 랄토스
50%
#0281 에스퍼 페어리 킬리아
50%
#0283 벌레 비구술
50%
#0297 격투 하리뭉
50%
#0302 고스트 깜까미
50%
#0320 고래왕자
50%
#0321 고래왕
50%
#0330 드래곤 플라이곤
50%
#0337 바위 에스퍼 루나톤
50%
#0338 바위 에스퍼 솔록
50%
#0347 바위 벌레 아노딥스
50%
#0348 바위 벌레 아말도
50%
#0352 노말 켈리몬
50%
#0359 앱솔
50%
#0360 에스퍼 마자
50%
#0361 얼음 눈꼬마
50%
#0362 얼음 얼음귀신
50%
#0370 사랑동이
50%
#0374 강철 에스퍼 메탕
50%
#0375 강철 에스퍼 메탕구
50%
#0376 강철 에스퍼 메타그로스
50%
#0387 모부기
50%
#0389 토대부기
50%
#0392 불꽃 격투 초염몽
50%
#0393 팽도리
50%
#0394 팽태자
50%
#0395 강철 엠페르트
50%
#0402 벌레 귀뚤톡크
50%
#0405 전기 렌트라
50%
#0408 바위 두개도스
50%
#0411 바위 강철 바리톱스
50%
#0431 노말 나옹마
50%
#0436 강철 에스퍼 동미러
50%
#0437 강철 에스퍼 동탁군
50%
#0441 노말 비행 페라페
50%
#0442 고스트 화강돌
50%
#0450 하마돈
50%
#0453 격투 삐딱구리
50%
#0463 노말 내룸벨트
50%
#0475 에스퍼 격투 엘레이드
50%
#0478 얼음 고스트 눈여아
50%
#0480 에스퍼 유크시
50%
#0481 에스퍼 엠라이트
50%
#0482 에스퍼 아그놈
50%
#0485 불꽃 강철 히드런
50%
#0488 에스퍼 크레세리아
50%
#0489 피오네
50%
#0490 마나피
50%
#0511 야나프
50%
#0514 불꽃 바오키
50%
#0516 앗차키
50%
#0517 에스퍼 몽나
50%
#0518 에스퍼 몽얌나
50%
#0523 전기 제브라이카
50%
#0532 격투 으랏차
50%
#0533 격투 토쇠골
50%
#0535 동챙이
50%
#0536 두까비
50%
#0537 두빅굴
50%
#0538 격투 던지미
50%
#0539 격투 타격귀
50%
#0541 벌레 두르쿤
50%
#0542 벌레 모아머
50%
#0547 페어리 엘풍
50%
#0553 악비아르
50%
#0570 조로아
50%
#0571 조로아크
50%
#0577 에스퍼 유니란
50%
#0578 에스퍼 듀란
50%
#0579 에스퍼 란쿨루스
50%
#0580 비행 꼬지보리
50%
#0595 벌레 전기 파쪼옥
50%
#0596 벌레 전기 전툴라
50%
#0599 강철 기어르
50%
#0600 강철 기기어르
50%
#0601 강철 기기기어르
50%
#0608 고스트 불꽃 램프라
50%
#0633 드래곤 모노두
50%
#0634 드래곤 디헤드
50%
#0635 드래곤 삼삼드래
50%
#0636 벌레 불꽃 활화르바
50%
#0637 벌레 불꽃 불카모스
50%
#0639 바위 격투 테라키온
50%
#0640 격투 비리디온
50%
#0644 드래곤 전기 제크로무
50%
#0645 비행 랜드로스
50%
#0649 벌레 강철 게노세크트
50%
#0650 도치마론
50%
#0655 불꽃 에스퍼 마폭시
50%
#0657 개굴반장
50%
#0664 벌레 분이벌레
50%
#0677 에스퍼 냐스퍼
50%
#0688 바위 거북손손
50%
#0689 바위 거북손데스
50%
#0706 드래곤 미끄래곤
50%
#0722 비행 나몰빼미
50%
#0723 비행 빼미스로우
50%
#0724 고스트 모크나이퍼
50%
#0725 불꽃 냐오불
50%
#0726 불꽃 냐오히트
50%
#0727 불꽃 어흥염
50%
#0728 누리공
50%
#0729 키요공
50%
#0730 페어리 누리레느
50%
#0741 타입다양 비행 춤추새
50%
#0777 전기 강철 토게데마루
50%
#0778 고스트 페어리 따라큐
50%
#0785 전기 페어리 카푸꼬꼬꼭
50%
#0791 에스퍼 강철 솔가레오
50%
#0792 에스퍼 고스트 루나아라
50%
#0794 벌레 격투 매시붕
50%
#0796 전기 전수목
50%
#0797 강철 비행 철화구야
50%
#0798 강철 종이신도
50%
#0799 드래곤 악식킹
50%
#0800 에스퍼 네크로즈마
50%
#0802 격투 고스트 마샤도
50%
#0807 전기 제라오라
50%
#0810 흥나숭
50%
#0812 고릴타
50%
#0813 불꽃 염버니
50%
#0815 불꽃 에이스번
50%
#0816 울머기
50%
#0818 인텔리레온
50%
#0862 노말 가로막구리
50%
#0877 전기 모르페코
50%
#0891 격투 치고마
50%
#0892 격투 우라오스
50%
#0894 전기 레지에레키
50%
#0895 드래곤 레지드래고
50%
#0900 벌레 바위 사마자르
50%
#0905 페어리 비행 러브로스
50%
#0906 나오하
50%
#0907 나로테
50%
#0908 마스카나
50%
#0909 불꽃 뜨아거
50%
#0910 불꽃 악뜨거
50%
#0911 불꽃 고스트 라우드본
50%
#0912 꾸왁스
50%
#0913 아꾸왁
50%
#0914 격투 웨이니발
50%
#0948 들눈해
50%
#0949 육파리
50%
#0957 페어리 강철 어리짱
50%
#0958 페어리 강철 벼리짱
50%
#0959 페어리 강철 두드리짱
50%
#0961 바닥트리오
50%
#0965 강철 부르롱
50%
#0977 어써러셔
50%
#0980 토오
50%
#0987 고스트 페어리 날개치는머리
50%
#0992 격투 전기 무쇠손
50%
#0993 비행 무쇠머리
50%
#1001 총지엔
50%
#1002 얼음 파오젠
50%
#1003 딩루
50%
#1004 불꽃 위유이
50%
#1007 격투 드래곤 코라이돈
50%
#1008 전기 드래곤 미라이돈
50%
#1015 에스퍼 이야후
50%
#1024 노말 테라파고스
50%
#0165 벌레 비행 레디바
25%
#0166 벌레 비행 레디안
25%
#0185 바위 꼬지모
25%
#0187 비행 통통코
25%
#0188 비행 두코
25%
#0189 비행 솜솜코
25%
#0190 노말 에이팜
25%
#0191 해너츠
25%
#0192 해루미
25%
#0193 벌레 비행 왕자리
25%
#0207 비행 글라이거
25%
#0215 얼음 포푸니
25%
#0219 불꽃 바위 마그카르고
25%
#0220 얼음 꾸꾸리
25%
#0221 얼음 메꾸리
25%
#0222 바위 코산호
25%
#0223 총어
25%
#0224 대포무노
25%
#0226 비행 만타인
25%
#0234 노말 노라키
25%
#0241 노말 밀탱크
25%
#0242 노말 해피너스
25%
#0265 벌레 개무소
25%
#0267 벌레 비행 뷰티플라이
25%
#0270 연꽃몬
25%
#0271 로토스
25%
#0272 로파파
25%
#0273 도토링
25%
#0274 잎새코
25%
#0275 다탱구
25%
#0276 노말 비행 테일로
25%
#0277 노말 비행 스왈로
25%
#0278 비행 갈모매
25%
#0279 비행 패리퍼
25%
#0284 벌레 비행 비나방
25%
#0285 버섯꼬
25%
#0286 격투 버섯모
25%
#0287 노말 게을로
25%
#0288 노말 발바로
25%
#0289 노말 게을킹
25%
#0293 노말 소곤룡
25%
#0294 노말 노공룡
25%
#0295 노말 폭음룡
25%
#0296 격투 마크탕
25%
#0298 노말 페어리 루리리
25%
#0299 바위 코코파스
25%
#0300 노말 에나비
25%
#0301 노말 델케티
25%
#0304 강철 바위 가보리
25%
#0305 강철 바위 갱도라
25%
#0306 강철 바위 보스로라
25%
#0307 격투 에스퍼 요가랑
25%
#0308 격투 에스퍼 요가램
25%
#0309 전기 썬더라이
25%
#0310 전기 썬더볼트
25%
#0311 전기 플러시
25%
#0312 전기 마이농
25%
#0313 벌레 볼비트
25%
#0314 벌레 네오비트
25%
#0315 로젤리아
25%
#0316 꼴깍몬
25%
#0317 꿀꺽몬
25%
#0318 샤프니아
25%
#0319 샤크니아
25%
#0322 불꽃 둔타
25%
#0323 불꽃 폭타
25%
#0324 불꽃 코터스
25%
#0325 에스퍼 피그점프
25%
#0326 에스퍼 피그킹
25%
#0327 노말 얼루기
25%
#0328 톱치
25%
#0329 드래곤 비브라바
25%
#0331 선인왕
25%
#0332 밤선인
25%
#0333 노말 비행 파비코
25%
#0334 드래곤 비행 파비코리
25%
#0335 노말 쟝고
25%
#0336 세비퍼
25%
#0339 미꾸리
25%
#0340 메깅
25%
#0341 가재군
25%
#0342 가재장군
25%
#0343 에스퍼 오뚝군
25%
#0344 에스퍼 점토도리
25%
#0345 바위 릴링
25%
#0346 바위 릴리요
25%
#0353 고스트 어둠대신
25%
#0354 고스트 다크펫
25%
#0355 고스트 해골몽
25%
#0356 고스트 미라몽
25%
#0357 비행 트로피우스
25%
#0358 에스퍼 치렁
25%
#0363 얼음 대굴레오
25%
#0364 얼음 씨레오
25%
#0365 얼음 씨카이저
25%
#0366 진주몽
25%
#0367 헌테일
25%
#0368 분홍장이
25%
#0369 바위 시라칸
25%
#0386 에스퍼 테오키스
25%
#0388 수풀부기
25%
#0396 노말 비행 찌르꼬
25%
#0397 노말 비행 찌르버드
25%
#0398 노말 비행 찌르호크
25%
#0399 노말 비버니
25%
#0400 노말 비버통
25%
#0403 전기 꼬링크
25%
#0404 전기 럭시오
25%
#0406 꼬몽울
25%
#0407 로즈레이드
25%
#0409 바위 램펄드
25%
#0410 바위 강철 방패톱스
25%
#0412 벌레 도롱충이
25%
#0413 벌레 타입다양 도롱마담
25%
#0414 벌레 비행 나메일
25%
#0415 벌레 비행 세꿀버리
25%
#0416 벌레 비행 비퀸
25%
#0417 전기 파치리스
25%
#0418 브이젤
25%
#0419 플로젤
25%
#0420 체리버
25%
#0421 체리꼬
25%
#0422 깝질무
25%
#0423 트리토돈
25%
#0424 노말 겟핸보숭
25%
#0425 고스트 비행 흔들풍손
25%
#0426 고스트 비행 둥실라이드
25%
#0427 노말 이어롤
25%
#0428 노말 이어롭
25%
#0432 노말 몬냥이
25%
#0433 에스퍼 랑딸랑
25%
#0434 스컹뿡
25%
#0435 스컹탱크
25%
#0438 바위 꼬지지
25%
#0439 에스퍼 페어리 흉내내
25%
#0440 노말 핑복
25%
#0449 히포포타스
25%
#0451 벌레 스콜피
25%
#0452 드래피온
25%
#0454 격투 독개굴
25%
#0456 형광어
25%
#0457 네오라이트
25%
#0458 비행 타만타
25%
#0459 얼음 눈쓰개
25%
#0460 얼음 눈설왕
25%
#0461 얼음 포푸니라
25%
#0469 벌레 비행 메가자리
25%
#0472 비행 글라이온
25%
#0473 얼음 맘모꾸리
25%
#0476 바위 강철 대코파스
25%
#0477 고스트 야느와르몽
25%
#0479 전기 고스트 로토무
25%
#0504 노말 보르쥐
25%
#0505 노말 보르그
25%
#0509 쌔비냥
25%
#0510 레파르다스
25%
#0519 노말 비행 콩둘기
25%
#0520 노말 비행 유토브
25%
#0521 노말 비행 켄호로우
25%
#0522 전기 줄뮤마
25%
#0531 노말 다부니
25%
#0534 격투 노보청
25%
#0540 벌레 두르보
25%
#0543 벌레 마디네
25%
#0544 벌레 휠구
25%
#0549 드레디어
25%
#0551 깜눈크
25%
#0552 악비르
25%
#0554 불꽃 달막화
25%
#0555 불꽃 불비달마
25%
#0556 마라카치
25%
#0557 벌레 바위 돌살이
25%
#0558 벌레 바위 암팰리스
25%
#0559 격투 곤율랭
25%
#0560 격투 곤율거니
25%
#0561 에스퍼 비행 심보러
25%
#0562 고스트 데스마스
25%
#0563 고스트 데스니칸
25%
#0565 바위 늑골라
25%
#0566 바위 비행 아켄
25%
#0567 바위 비행 아케오스
25%
#0569 더스트나
25%
#0581 비행 스완나
25%
#0587 전기 비행 에몽가
25%
#0597 강철 철시드
25%
#0598 강철 너트령
25%
#0602 전기 저리어
25%
#0604 전기 저리더프
25%
#0606 에스퍼 벰크
25%
#0610 드래곤 터검니
25%
#0611 드래곤 액슨도
25%
#0612 드래곤 액스라이즈
25%
#0615 얼음 프리지오
25%
#0618 전기 메더
25%
#0621 드래곤 크리만
25%
#0622 고스트 골비람
25%
#0623 고스트 골루그
25%
#0629 비행 벌차이
25%
#0638 강철 격투 코바르온
25%
#0641 비행 토네로스
25%
#0642 전기 비행 볼트로스
25%
#0647 격투 케르디오
25%
#0648 노말 에스퍼 메로엣타
25%
#0651 도치보구
25%
#0652 격투 브리가론
25%
#0654 불꽃 테르나
25%
#0659 노말 파르빗
25%
#0660 노말 파르토
25%
#0661 노말 비행 화살꼬빈
25%
#0662 불꽃 비행 불화살빈
25%
#0663 불꽃 비행 파이어로
25%
#0665 벌레 분떠도리
25%
#0666 벌레 비행 비비용
25%
#0667 불꽃 노말 레오꼬
25%
#0668 불꽃 노말 화염레오
25%
#0669 페어리 플라베베
25%
#0670 페어리 플라엣테
25%
#0672 메이클
25%
#0673 고고트
25%
#0678 에스퍼 냐오닉스
25%
#0679 강철 고스트 단칼빙
25%
#0680 강철 고스트 쌍검킬
25%
#0686 에스퍼 오케이징
25%
#0687 에스퍼 칼라마네로
25%
#0690 수레기
25%
#0691 드래곤 드래캄
25%
#0696 바위 드래곤 티고라스
25%
#0697 바위 드래곤 견고라스
25%
#0701 격투 비행 루차불
25%
#0703 바위 페어리 멜리시
25%
#0704 드래곤 미끄메라
25%
#0705 드래곤 미끄네일
25%
#0708 고스트 나목령
25%
#0709 고스트 대로트
25%
#0712 얼음 꽁어름
25%
#0713 얼음 크레베이스
25%
#0714 비행 드래곤 음뱃
25%
#0715 비행 드래곤 음번
25%
#0716 페어리 제르네아스
25%
#0717 비행 이벨타르
25%
#0718 드래곤 지가르데
25%
#0719 바위 페어리 디안시
25%
#0721 불꽃 볼케니온
25%
#0744 바위 암멍이
25%
#0745 바위 루가루암
25%
#0771 해무기
25%
#0780 노말 드래곤 할비롱
25%
#0786 에스퍼 페어리 카푸나비나
25%
#0787 페어리 카푸브루루
25%
#0788 페어리 카푸느지느
25%
#0789 에스퍼 코스모그
25%
#0790 에스퍼 코스모움
25%
#0793 바위 텅비드
25%
#0795 벌레 격투 페로코체
25%
#0801 강철 페어리 마기아나
25%
#0803 베베놈
25%
#0804 드래곤 아고용
25%
#0806 불꽃 고스트 두파팡
25%
#0811 채키몽
25%
#0814 불꽃 래비풋
25%
#0817 누겔레온
25%
#0821 비행 파라꼬
25%
#0823 비행 강철 아머까오
25%
#0824 벌레 두루지벌레
25%
#0825 벌레 에스퍼 레돔벌레
25%
#0840 드래곤 과사삭벌레
25%
#0842 드래곤 단지래플
25%
#0849 전기 스트린더
25%
#0854 고스트 데인차
25%
#0856 에스퍼 몸지브림
25%
#0857 에스퍼 손지브림
25%
#0859 페어리 메롱꿍
25%
#0860 페어리 쏘겨모
25%
#0861 페어리 오롱털
25%
#0863 강철 나이킹
25%
#0865 격투 창파나이트
25%
#0866 얼음 에스퍼 마임꽁꽁
25%
#0867 고스트 데스판
25%
#0872 얼음 벌레 누니머기
25%
#0873 얼음 벌레 모스노우
25%
#0874 바위 돌헨진
25%
#0880 전기 드래곤 파치래곤
25%
#0882 드래곤 어래곤
25%
#0884 강철 드래곤 두랄루돈
25%
#0885 드래곤 고스트 드라꼰
25%
#0886 드래곤 고스트 드래런치
25%
#0887 드래곤 고스트 드래펄트
25%
#0888 페어리 자시안
25%
#0889 격투 자마젠타
25%
#0893 자루도
25%
#0896 얼음 블리자포스
25%
#0897 고스트 레이스포스
25%
#0898 에스퍼 버드렉스
25%
#0899 노말 에스퍼 신비록
25%
#0917 벌레 타랜툴라
25%
#0920 벌레 엑스레그
25%
#0921 전기 빠모
25%
#0922 전기 격투 빠모트
25%
#0923 전기 격투 빠르모트
25%
#0924 노말 두리쥐
25%
#0925 노말 파밀리쥐
25%
#0926 페어리 쫀도기
25%
#0927 페어리 바우첼
25%
#0930 노말 올리르바
25%
#0931 노말 비행 시비꼬
25%
#0932 바위 베베솔트
25%
#0933 바위 스태솔트
25%
#0934 바위 콜로솔트
25%
#0935 불꽃 카르본
25%
#0936 불꽃 에스퍼 카디나르마
25%
#0937 불꽃 고스트 파라블레이즈
25%
#0938 전기 빈나두
25%
#0939 전기 찌리배리
25%
#0950 바위 절벼게
25%
#0951 캡싸이
25%
#0952 불꽃 스코빌런
25%
#0962 비행 떨구새
25%
#0966 강철 부르르룸
25%
#0967 드래곤 노말 모토마
25%
#0971 고스트 망망이
25%
#0975 얼음 우락고래
25%
#0976 에스퍼 가비루사
25%
#0978 드래곤 싸리용
25%
#0981 노말 에스퍼 키키링
25%
#0984 격투 위대한엄니
25%
#0985 페어리 에스퍼 우렁찬꼬리
25%
#0986 사나운버섯
25%
#0988 벌레 격투 땅을기는날개
25%
#0989 전기 모래털가죽
25%
#0990 강철 무쇠바퀴
25%
#0991 얼음 무쇠보따리
25%
#0994 불꽃 무쇠독나방
25%
#0995 바위 전기 무쇠가시
25%
#0996 드래곤 얼음 드니차
25%
#0997 드래곤 얼음 드니꽁
25%
#0998 드래곤 얼음 드닐레이브
25%
#0999 고스트 모으령
25%
#1000 강철 고스트 타부자고
25%
#1005 드래곤 고동치는달
25%
#1006 페어리 격투 무쇠무인
25%
#1010 에스퍼 무쇠잎새
25%
#1013 고스트 그우린차
25%
#1014 격투 조타구
25%
#1016 페어리 기로치
25%
#1017 오거폰
25%
#1018 강철 드래곤 브리두라스
25%
#1019 드래곤 과미드라
25%
#1020 불꽃 드래곤 꿰뚫는화염
25%
#1021 전기 드래곤 날뛰는우레
25%
#1022 바위 에스퍼 무쇠암석
25%
#1023 강철 에스퍼 무쇠감투
25%
#1025 고스트 복숭악동
25%
#0186 왕구리
0%
#0204 벌레 피콘
0%
#0205 벌레 강철 쏘콘
0%
#0206 노말 노고치
0%
#0209 페어리 블루
0%
#0210 페어리 그랑블루
0%
#0211 침바루
0%
#0216 노말 깜지곰
0%
#0217 노말 링곰
0%
#0231 코코리
0%
#0232 코리갑
0%
#0290 벌레 토중몬
0%
#0291 벌레 비행 아이스크
0%
#0292 벌레 고스트 껍질몬
0%
#0303 강철 페어리 입치트
0%
#0455 무스틈니
0%
#0524 바위 단굴
0%
#0525 바위 암트르
0%
#0526 바위 기가이어스
0%
#0527 에스퍼 비행 또르박쥐
0%
#0528 에스퍼 비행 맘박쥐
0%
#0545 벌레 펜드라
0%
#0546 페어리 소미안
0%
#0548 치릴리
0%
#0550 배쓰나이
0%
#0564 바위 프로토가
0%
#0568 깨봉이
0%
#0572 노말 치라미
0%
#0573 노말 치라치노
0%
#0574 에스퍼 고디탱
0%
#0575 에스퍼 고디보미
0%
#0576 에스퍼 고디모아젤
0%
#0582 얼음 바닐프티
0%
#0583 얼음 바닐리치
0%
#0584 얼음 배바닐라
0%
#0585 노말 사철록
0%
#0586 노말 바라철록
0%
#0588 벌레 딱정곤
0%
#0589 벌레 강철 슈바르고
0%
#0590 깜놀버슬
0%
#0591 뽀록나
0%
#0592 고스트 탱그릴
0%
#0593 고스트 탱탱겔
0%
#0594 맘복치
0%
#0603 전기 저리릴
0%
#0605 에스퍼 리그레
0%
#0613 얼음 코고미
0%
#0614 얼음 툰베어
0%
#0616 벌레 쪼마리
0%
#0617 벌레 어지리더
0%
#0619 격투 비조푸
0%
#0620 격투 비조도
0%
#0624 강철 자망칼
0%
#0625 강철 절각참
0%
#0626 노말 버프론
0%
#0627 노말 비행 수리둥보
0%
#0628 노말 비행 워글
0%
#0630 비행 버랜지나
0%
#0631 불꽃 앤티골
0%
#0632 벌레 강철 아이앤트
0%
#0671 페어리 플라제스
0%
#0674 격투 판짱
0%
#0675 격투 부란다
0%
#0676 노말 트리미앙
0%
#0681 강철 고스트 킬가르도
0%
#0682 페어리 슈쁘
0%
#0683 페어리 프레프티르
0%
#0684 페어리 나룸퍼프
0%
#0685 페어리 나루림
0%
#0692 완철포
0%
#0693 블로스터
0%
#0694 전기 노말 목도리키텔
0%
#0695 전기 노말 일레도리자드
0%
#0698 바위 얼음 아마루스
0%
#0699 바위 얼음 아마루르가
0%
#0702 전기 페어리 데덴네
0%
#0707 강철 페어리 클레피
0%
#0710 고스트 호바귀
0%
#0711 고스트 펌킨인
0%
#0720 에스퍼 고스트 후파
0%
#0731 노말 비행 콕코구리
0%
#0732 노말 비행 크라파
0%
#0733 노말 비행 왕큰부리
0%
#0734 노말 영구스
0%
#0735 노말 형사구스
0%
#0736 벌레 턱지충이
0%
#0737 벌레 전기 전지충이
0%
#0738 벌레 전기 투구뿌논
0%
#0739 격투 오기지게
0%
#0740 격투 얼음 모단단게
0%
#0742 벌레 페어리 에블리
0%
#0743 벌레 페어리 에리본
0%
#0746 약어리
0%
#0747 시마사리
0%
#0748 더시마사리
0%
#0749 머드나기
0%
#0750 만마드
0%
#0751 벌레 물거미
0%
#0752 벌레 깨비물거미
0%
#0753 짜랑랑
0%
#0754 라란티스
0%
#0755 페어리 자마슈
0%
#0756 페어리 마셰이드
0%
#0757 불꽃 야도뇽
0%
#0758 불꽃 염뉴트
0%
#0759 노말 격투 포곰곰
0%
#0760 노말 격투 이븐곰
0%
#0761 달콤아
0%
#0762 달무리나
0%
#0763 달코퀸
0%
#0764 페어리 큐아링
0%
#0765 노말 에스퍼 하랑우탄
0%
#0766 격투 내던숭이
0%
#0767 벌레 꼬시레
0%
#0768 벌레 갑주무사
0%
#0769 고스트 모래꿍
0%
#0770 고스트 모래성이당
0%
#0772 노말 타입:널
0%
#0773 노말 실버디
0%
#0774 바위 비행 메테노
0%
#0775 노말 자말라
0%
#0776 불꽃 드래곤 폭거북스
0%
#0779 에스퍼 치갈기
0%
#0781 고스트 타타륜
0%
#0782 드래곤 짜랑꼬
0%
#0783 드래곤 격투 짜랑고우
0%
#0784 드래곤 격투 짜랑고우거
0%
#0819 노말 탐리스
0%
#0820 노말 요씽리스
0%
#0822 비행 파크로우
0%
#0826 벌레 에스퍼 이올브
0%
#0827 훔처우
0%
#0828 폭슬라이
0%
#0829 꼬모카
0%
#0830 백솜모카
0%
#0831 노말 우르
0%
#0832 노말 배우르
0%
#0833 깨물부기
0%
#0834 바위 갈가부기
0%
#0835 전기 멍파치
0%
#0836 전기 펄스멍
0%
#0837 바위 탄동
0%
#0838 바위 불꽃 탄차곤
0%
#0839 바위 불꽃 석탄산
0%
#0841 드래곤 애프룡
0%
#0843 모래뱀
0%
#0844 사다이사
0%
#0845 비행 윽우지
0%
#0846 찌로꼬치
0%
#0847 꼬치조
0%
#0848 전기 일레즌
0%
#0850 불꽃 벌레 태우지네
0%
#0851 불꽃 벌레 다태우지네
0%
#0852 격투 때때무노
0%
#0853 격투 케오퍼스
0%
#0855 고스트 포트데스
0%
#0858 에스퍼 페어리 브리무음
0%
#0864 고스트 산호르곤
0%
#0868 페어리 마빌크
0%
#0869 페어리 마휘핑
0%
#0870 격투 대여르
0%
#0871 전기 찌르성게
0%
#0875 얼음 빙큐보
0%
#0876 에스퍼 노말 에써르
0%
#0878 강철 끼리동
0%
#0879 강철 대왕끼리동
0%
#0881 전기 얼음 파치르돈
0%
#0883 얼음 어치르돈
0%
#0901 노말 다투곰
0%
#0902 고스트 대쓰여너
0%
#0903 격투 포푸니크
0%
#0904 장침바루
0%
#0915 노말 맛보돈
0%
#0916 노말 퍼퓨돈
0%
#0918 벌레 트래피더
0%
#0919 벌레 콩알뚜기
0%
#0928 노말 미니브
0%
#0929 노말 올리뇨
0%
#0940 전기 비행 찌리비
0%
#0941 전기 비행 찌리비크
0%
#0942 오라티프
0%
#0943 마피티프
0%
#0944 노말 땃쭈르
0%
#0945 노말 태깅구르
0%
#0946 고스트 그푸리
0%
#0947 고스트 공푸리
0%
#0953 벌레 구르데
0%
#0954 벌레 에스퍼 베라카스
0%
#0955 에스퍼 하느라기
0%
#0956 에스퍼 클레스퍼트라
0%
#0963 맨돌핀
0%
#0964 돌핀맨
0%
#0968 강철 꿈트렁
0%
#0969 바위 초롱순
0%
#0970 바위 킬라플로르
0%
#0972 고스트 묘두기
0%
#0973 비행 격투 꼬이밍고
0%
#0974 얼음 터벅고래
0%
#0982 노말 노고고치
0%
#0983 강철 대도각참
0%
#1009 드래곤 굽이치는물결
0%
#1011 드래곤 과미르
0%
#1012 고스트 차데스
0%
No matching quizzes found
Score Distribution
Percent of People with Each Score
Percentile by Number Answered
Your Score History
You have not taken this quiz